New York Knicks 1993-1994 Roster (excluding inactive players) - Statistics

General Stats
  • This quiz has been taken 92 times
  • The average score is 5 of 13
Answer Stats
Hint Answer % Correct
C (#33) Patrick Ewing
100%
SG (#3) John Starks
78%
PF (#34) Charles Oakley
68%
PF (#14) Anthony Mason
49%
Coach Pat Riley
45%
PG (#11) Derek Harper
41%
SF (#54) Charles Smith
40%
PG (#50) Greg Anthony
37%
C (#32) Herb Williams
35%
SG (#44) Hubert Davis
28%
SG (#20) Rolando Blackman
13%
SF (#4) Anthony Bonner
7%
PG (#7) Corey Gaines
1%
No matching quizzes found
Score Distribution
Percent of People with Each Score
Percentile by Number Answered
Your Score History
You have not taken this quiz